LEADER 01753oam 2200493 450 001 9910706197603321 005 20180214075234.0 035 $a(CKB)5470000002454447 035 $a(OCoLC)1001280509 035 $a(EXLCZ)995470000002454447 100 $a20170816d2017 ua 0 101 0 $aeng 135 $aurbn||||a|||| 181 $ctxt$2rdacontent 182 $cc$2rdamedia 183 $acr$2rdacarrier 200 10$aHealth care fraud investigations $ehearing before the Subcommittee on Oversight of the Committee on Ways and Means, U.S. House of Representatives, One Hundred Fourteenth Congress, second session, September 28, 2016 210 1$aWashington :$cU.S. Government Publishing Office,$d2017. 215 $a1 online resource (iii, 54 pages) 300 $aPaper version available for sale by the Superintendent of Documents, United States Government Publishing Office. 300 $a"Serial no. 114-OS14." 320 $aIncludes bibliographical references. 517 $aHealth care fraud investigations 606 $aHealth insurance$xCorrupt practices$zUnited States 606 $aMedicare fraud 606 $aMedicaid fraud 606 $aFraud investigation$zUnited States 606 $aGovernmental investigations$zUnited States 608 $aLegislative hearings.$2lcgft 615 0$aHealth insurance$xCorrupt practices 615 0$aMedicare fraud. 615 0$aMedicaid fraud. 615 0$aFraud investigation 615 0$aGovernmental investigations 801 0$bGPO 801 1$bGPO 801 2$bGPO 801 2$bMERUC 801 2$bOCLCF 801 2$bGPO 906 $aBOOK 912 $a9910706197603321 996 $aHealth care fraud investigations$93478790 997 $aUNINA LEADER 00943nam 2200253la 450 001 9910482348303321 005 20221102160827.0 035 $a(UK-CbPIL)2090300006 035 $a(CKB)5500000000089689 035 $a(EXLCZ)995500000000089689 100 $a20221102d1642 uy | 101 0 $adut 135 $aurcn||||a|bb| 200 10$aDe eerste apologia teghens Balt. Tylcken. Eene verantwoordingh des autheurs, vanweghen s?n boeck Aurora Jacob Bo?hme 210 $aNetherlands $c[s.n.]$d1642 215 $aOnline resource (4°) 300 $aReproduction of original in Koninklijke Bibliotheek, Nationale bibliotheek van Nederland. 700 $aBo?hme$b Jakob$f1575-1624.$0420998 801 0$bUk-CbPIL 801 1$bUk-CbPIL 906 $aBOOK 912 $a9910482348303321 996 $aDe eerste apologia teghens Balt. Tylcken. Eene verantwoordingh des autheurs, vanweghen s?n boeck Aurora Jacob Bo?hme$92147069 997 $aUNINA